| 000 | 01150nam0a22002891 4500 | ||
|---|---|---|---|
| 001 | rc\3953666 | ||
| 005 | 20130415115613.0 | ||
| 021 |
_aRU _b[51-447] |
||
| 035 | _a(NLR Aleph) 008046034 | ||
| 090 |
_a8911631 _c8911631 |
||
| 100 | _a20130415d1950 |||y0rusy50 ca | ||
| 101 | 0 | _arus | |
| 102 | _aRU | ||
| 105 | _aa z ||||| | ||
| 200 | 1 |
_aПоследователи Л. Корабельниковой и Ф. Кузнецова на фабрике "Красная швея" _fМ-во легкой пром-сти СССР. Техн. упр. Отд. техн. информации |
|
| 210 |
_aМосква _cГизлегпром _d1950 |
||
| 215 |
_a20 с. _cил. _d20 |
||
| 225 | 1 | _aОбмен передовым опытом | |
| 300 | _aАвт. указаны в конце текста | ||
| 606 |
_aШвейное производство _xЭкономия ткани _2psbo |
||
| 700 | 1 |
_aВиленкина _bХ. М. _gХася Марковна |
|
| 701 | 1 |
_aЭтуш _bР. К. _gРаиса Константиновна |
|
| 801 | 0 |
_aRU _bNLR _gpsbo |
|
| 801 | 1 |
_aRU _bELAR _2rusmarc |
|
| 852 |
_aNLR _jТ56 Г-4/396 |
||
| 942 | _cBOOK | ||
| 980 | _aNB | ||